000 00904nam a2200301Ia 4500
001 Z_5368
003 CHAP
005 20260129130820.0
008 220113s1996 xx 000 0 und d
010 _a168437
040 _cCHAP
082 _a633.202 C684
110 _aComisión Técnico Consultiva de Coeficientes de Agostadero. Unidad Morelos.
_9142764
245 _aCurso manejo de pastizales, establecimiento de praderas y producción de leche y carne en pastoreo /
_cCOTECOCA
260 _aCuernavaca, Mor. :
_bCOTECOCA,
_c1996
300 _a124 h.
503 _aej.1: fotocopia
650 _aGanado de carne
_xPastoreo
_945101
650 _aGanado lechero
_xPastoreo
_945284
650 _aPastizales
_xManejo
_985944
650 _aPastoreo
_985984
650 _aPraderas
_991230
901 _a633.202 C684
902 _aM
910 _a1996
942 _c1
_2ddc
942 _cc1
_2ddc
999 _c168437
_d168437